<?xml version="1.0" encoding="UTF-8"?>
<record
    xmlns:xsi="http://www.w3.org/2001/XMLSchema-instance"
    xsi:schemaLocation="http://www.loc.gov/MARC21/slim http://www.loc.gov/standards/marcxml/schema/MARC21slim.xsd"
    xmlns="http://www.loc.gov/MARC21/slim">

  <leader>03349nam a2200565Ia 4500</leader>
  <controlfield tag="001">886</controlfield>
  <controlfield tag="008">241029s9999    xx            000 0 und d</controlfield>
  <datafield tag="010" ind1=" " ind2=" ">
    <subfield code="a">808</subfield>
  </datafield>
  <datafield tag="041" ind1=" " ind2=" ">
    <subfield code="a">Espa&#xF1;ol</subfield>
  </datafield>
  <datafield tag="082" ind1=" " ind2=" ">
    <subfield code="a">NO APLICA</subfield>
  </datafield>
  <datafield tag="245" ind1=" " ind2="0">
    <subfield code="a">Sistema de acciones para el mejoramiento del desempe&#xF1;o del director como supervisor de las labores docentes, en los centros educativos del sector Villa Linda, Palmarejo, distrito escolar 51-01, a&#xF1;o 2013</subfield>
  </datafield>
  <datafield tag="260" ind1=" " ind2=" ">
    <subfield code="a">Santo Domingo</subfield>
  </datafield>
  <datafield tag="300" ind1=" " ind2=" ">
    <subfield code="a">114</subfield>
  </datafield>
  <datafield tag="520" ind1=" " ind2=" ">
    <subfield code="a">30</subfield>
  </datafield>
  <datafield tag="630" ind1=" " ind2=" ">
    <subfield code="a">Competencia Laboral</subfield>
  </datafield>
  <datafield tag="630" ind1=" " ind2=" ">
    <subfield code="a">Desempe&#xF1;o Profesional</subfield>
  </datafield>
  <datafield tag="630" ind1=" " ind2=" ">
    <subfield code="a">Directores de Centro</subfield>
  </datafield>
  <datafield tag="630" ind1=" " ind2=" ">
    <subfield code="a">Implementaci&#xF3;n</subfield>
  </datafield>
  <datafield tag="630" ind1=" " ind2=" ">
    <subfield code="a">Supervisi&#xF3;n</subfield>
  </datafield>
  <datafield tag="650" ind1=" " ind2=" ">
    <subfield code="a">Programa de Estudios</subfield>
  </datafield>
  <datafield tag="690" ind1=" " ind2=" ">
    <subfield code="a">Elaborado</subfield>
  </datafield>
  <datafield tag="700" ind1=" " ind2=" ">
    <subfield code="e">asesor</subfield>
    <subfield code="a">Cuevas, Carlos M.</subfield>
  </datafield>
  <datafield tag="700" ind1=" " ind2=" ">
    <subfield code="e">autor</subfield>
    <subfield code="a">Morillo, Ramona</subfield>
  </datafield>
  <datafield tag="901" ind1=" " ind2=" ">
    <subfield code="a">{"1":"Morillo"}</subfield>
    <subfield code="b">{"1":"Ramona"}</subfield>
  </datafield>
  <datafield tag="902" ind1=" " ind2=" ">
    <subfield code="a">1</subfield>
  </datafield>
  <datafield tag="903" ind1=" " ind2=" ">
    <subfield code="a">{"1":"Cuevas"}</subfield>
    <subfield code="b">{"1":"Carlos M."}</subfield>
  </datafield>
  <datafield tag="904" ind1=" " ind2=" ">
    <subfield code="a">M&#xE1;ster en</subfield>
  </datafield>
  <datafield tag="905" ind1=" " ind2=" ">
    <subfield code="a">Gesti&#xF3;n de Centros</subfield>
  </datafield>
  <datafield tag="906" ind1=" " ind2=" ">
    <subfield code="a">2</subfield>
  </datafield>
  <datafield tag="907" ind1=" " ind2=" ">
    <subfield code="a">NO APLICA</subfield>
  </datafield>
  <datafield tag="908" ind1=" " ind2=" ">
    <subfield code="a">NO APLICA</subfield>
  </datafield>
  <datafield tag="909" ind1=" " ind2=" ">
    <subfield code="a">Universidad Aut&#xF3;noma de Santo Domingo (UASD)</subfield>
  </datafield>
  <datafield tag="910" ind1=" " ind2=" ">
    <subfield code="a">NULL</subfield>
    <subfield code="b">NULL</subfield>
  </datafield>
  <datafield tag="911" ind1=" " ind2=" ">
    <subfield code="a">["1"]</subfield>
  </datafield>
  <datafield tag="912" ind1=" " ind2=" ">
    <subfield code="a">NO APLICA</subfield>
  </datafield>
  <datafield tag="913" ind1=" " ind2=" ">
    <subfield code="a">NULL</subfield>
  </datafield>
  <datafield tag="914" ind1=" " ind2=" ">
    <subfield code="a">01 de Julio de 2013</subfield>
  </datafield>
  <datafield tag="915" ind1=" " ind2=" ">
    <subfield code="a">11/09/14 02:09</subfield>
  </datafield>
  <datafield tag="916" ind1=" " ind2=" ">
    <subfield code="a">NULL</subfield>
  </datafield>
  <datafield tag="917" ind1=" " ind2=" ">
    <subfield code="a">NULL</subfield>
  </datafield>
  <datafield tag="918" ind1=" " ind2=" ">
    <subfield code="a">NO APLICA</subfield>
  </datafield>
  <datafield tag="919" ind1=" " ind2=" ">
    <subfield code="a">["36","63","203","225","187"]</subfield>
  </datafield>
  <datafield tag="520" ind1=" " ind2=" ">
    <subfield code="a">El objetivo principal de esta investigaci&#xF3;n es dise&#xF1;ar un sistema de acciones que contribuyan con el mejoramiento del desempe&#xF1;o profesional del director como supervisor de las labores docentes en los centros educativos del sector Villa Linda. Palmarejo, distrito educativo 15-01. A&#xF1;o escolar 2012-2013.Esta investigaci&#xF3;n es de car&#xE1;cter descriptivo. Para su realizaci&#xF3;n se cont&#xF3; con una poblaci&#xF3;n de tres (3) directivos, esta escuela cuarenta con cuarenta y &#xA0;(41) docentes, veinticinco (25) del personal de apoyo y administrativo. La muestra coincide con la poblaci&#xF3;n, los instrumentos aplicados fueron una gu&#xED;a de observaci&#xF3;n, una encuesta y dos entrevistas.&#xA0;Considerando los datos analizados se lleg&#xF3; a la conclusi&#xF3;n de que los directores no siempre logran alcanzar y explicar calendarios de supervisi&#xF3;n a las labores docentes y que existen limitaciones en los conocimientos de instrumentos de supervisi&#xF3;n variado y pertinente. Se percibe que los aspectos relacionados con el liderazgo educativo los directores poseen muy buen potencial, sin embargo, se manifiestan dificultades y carencias propias del liderazgo educativo relacionadas con la comunicaci&#xF3;n clara de las ideas y deben ser atendidos por la v&#xED;a de un sistema de acciones encaminadas a mejorar &#xA0;su desempe&#xF1;o profesional. Se reflej&#xF3; tambi&#xE9;n que dada la complejidad de sus funciones, los directores no tienen la posibilidad de capacitarse peri&#xF3;dicamente para mantener &#xA0;una preparaci&#xF3;n adecuada en relaci&#xF3;n al cargo que desempe&#xF1;an. &#xA0;Se demuestra &#xA0;en este estudio la necesidad que existe en desarrollar investigaciones cient&#xED;ficas relacionadas a encontrar las v&#xED;as m&#xE1;s efectivas para potencializar las habilidades de los directores y de las personas que de uno u otra forma desempe&#xF1;an alguna labor en las instituciones educativas.</subfield>
  </datafield>
  <datafield tag="921" ind1=" " ind2=" ">
    <subfield code="a">16</subfield>
  </datafield>
  <datafield tag="922" ind1=" " ind2=" ">
    <subfield code="a">16</subfield>
  </datafield>
  <datafield tag="923" ind1=" " ind2=" ">
    <subfield code="a">0</subfield>
  </datafield>
  <datafield tag="924" ind1=" " ind2=" ">
    <subfield code="a">NO APLICA</subfield>
  </datafield>
  <datafield tag="942" ind1=" " ind2=" ">
    <subfield code="c">Tesis</subfield>
  </datafield>
  <datafield tag="999" ind1=" " ind2=" ">
    <subfield code="c">808</subfield>
    <subfield code="d">808</subfield>
  </datafield>
</record>
